01276cam a22002651 4500001001300000003000400013005001700017008004100034010001700075035001900092040005100111042001200162050002400174051002300198245028100221260008400502300005200586490004600638500006100684504004000745505012500785650003000910700005300940999001700993gs 07000383 DLC20260227111305.0750224m18421844nyuf 000 0 eng c ags 07000383  a(OCoLC)1185743 aU.S. Geol. Survey. LibrarycNFredUdOCoLCdDLC apremarc00aQH105.N7bN2 div. 1 aQL195b.D4cCopy 210aZoology of New York, or the New-York fauna;bcomprising detailed descriptions of all the animals hitherto observed within the state of New York, with brief notices of those occasionally found near its borders, and accompanied by appropriate illustrations.cBy James De Kay ... aAlbany,bPrinted by Carroll and Cook, printers to the Assembly [etc.]c1842-44. a6 pts. in 5 v.bplates (part col.)c29 x 23 cm.0 aNatural history of New York ...v[div. 1] aParts 1, 3 and 4 printed by W. & A. White & J. Visscher. aIncludes bibliogaphical references.0 apt. I. Mammalia.--pt. II. Birds.--pt. III. Reptiles and Amphibia.--pt. IV. Fishes.--pt. V. Mollusca.--pt. VI. Crustacea. 0aAnimalszNew York (State)1 aDe Kay, James E.q(James Ellsworth),d1792-1851. c24572d24572